| 000 | 00810nas a2200277 4500 | ||
|---|---|---|---|
| 001 | BR8304128 | ||
| 003 | BR-BrBNA | ||
| 005 | 20231205085642.0 | ||
| 007 | ta | ||
| 008 | 230509b bl.|||p| |||| 00| 00por d | ||
| 040 |
_aBR-BrBNA _bpor _cBiblioteca Nacional de Agricultura |
||
| 041 | _a(Pt) | ||
| 072 | _aL00; L10 | ||
| 100 | 1 | _aBattiston, W.C. | |
| 245 | 1 | _aOito femeas holandesas alcancam o titulo de RE [reprodutores emeritas] | |
| 650 | _aGADO HOLANDES | ||
| 650 | _aRACA | ||
| 650 | _aREPRODUCAO ANIMAL | ||
| 650 | _aPRODUCAO LEITEIRA | ||
| 650 | _aCONTROLE LEITEIRO | ||
| 650 | _aLACTACAO | ||
| 650 | _aLEITE | ||
| 773 | 0 |
_tRevista dos Criadores (Brazil) _xISSN 0034-9259 _g(Aug 1983), v. 53(643) p. 107-140 _wBR8304128 |
|
| 909 |
_a202311 _bLúcia _c55 _dLúcia Elande |
||
| 942 |
_2AGRIS _n0 _cANA |
||
| 999 |
_c112814 _d112814 |
||